000
00304nam a2200133Ia 4500
008
150301s2015 xx 000 0 und d
082
_a
614.1
_b
F12C
100
_a
CHAURASIA
245
_a
TB OF FORENSIC PHARMACY
260
_b
CBS- DELHI
300
_a
480
650
_a
PHARMACEUTICS
942
_2
ddc
_c
BK
_0
1
999
_c
7315
_d
7315